<?xml version="1.0" encoding="UTF-8"?>
<record
    xmlns:xsi="http://www.w3.org/2001/XMLSchema-instance"
    xsi:schemaLocation="http://www.loc.gov/MARC21/slim http://www.loc.gov/standards/marcxml/schema/MARC21slim.xsd"
    xmlns="http://www.loc.gov/MARC21/slim">

  <leader>01371nam a22002297a 4500</leader>
  <controlfield tag="003">BDDh-ASL</controlfield>
  <controlfield tag="005">20231015031228.0</controlfield>
  <controlfield tag="008">230316s2002    b  ||||| |||| 00| 0 b   d</controlfield>
  <datafield tag="040" ind1=" " ind2=" ">
    <subfield code="c">BDDh-ASL</subfield>
  </datafield>
  <datafield tag="041" ind1=" " ind2=" ">
    <subfield code="a">bengali </subfield>
  </datafield>
  <datafield tag="082" ind1=" " ind2=" ">
    <subfield code="a">297.5492</subfield>
    <subfield code="b">AHB</subfield>
  </datafield>
  <datafield tag="100" ind1="1" ind2=" ">
    <subfield code="a">&#x986;&#x9B9;&#x9AE;&#x9C7;&#x9A6;, &#x987;&#x9AE;&#x9A4;&#x9BF;&#x9AF;&#x9BC;&#x9BE;&#x99C;</subfield>
    <subfield code="9">7444</subfield>
  </datafield>
  <datafield tag="245" ind1="1" ind2="0">
    <subfield code="a">&#x9AC;&#x9BE;&#x982;&#x9B2;&#x9BE;&#x9B0; &#x9B0;&#x9BE;&#x99C;&#x9A8;&#x9C0;&#x9A4;&#x9BF;&#x9A4;&#x9C7; &#x989;&#x9A6;&#x9BE;&#x9B0;&#x9AA;&#x9A8;&#x9CD;&#x9A5;&#x9C0; &#x9AE;&#x9C1;&#x9B8;&#x9B2;&#x9BF;&#x9AE; &#x9B0;&#x9BE;&#x99C;&#x9A8;&#x9C0;&#x9A4;&#x9BF;&#x995;&#x9A6;&#x9C7;&#x9B0; &#x9AD;&#x9C2;&#x9AE;&#x9BF;&#x995;&#x9BE; (&#x9E7;&#x9EF;&#x9E6;&#x9EB;-&#x9E7;&#x9EF;&#x9E8;&#x9EB;) /</subfield>
  </datafield>
  <datafield tag="246" ind1=" " ind2=" ">
    <subfield code="a">Banglar Rajnitite Udarponthi Muslim Rajnitijder Bhumika. </subfield>
  </datafield>
  <datafield tag="260" ind1=" " ind2=" ">
    <subfield code="a">&#x9A2;&#x9BE;&#x995;&#x9BE;: </subfield>
    <subfield code="b">&#x9AC;&#x9BE;&#x982;&#x9B2;&#x9BE;&#x9A6;&#x9C7;&#x9B6; &#x987;&#x9A8;&#x9CD;&#x9B8;&#x9B7;&#x9CD;&#x99F;&#x9BF;&#x99F;&#x9BF;&#x989;&#x99F; &#x985;&#x9AC; '&#x9B2;' &#x98F;&#x9A8;&#x9CD;&#x9A1; &#x987;&#x9A8;&#x9CD;&#x99F;&#x9BE;&#x9B0;&#x9A8;&#x9CD;&#x9AF;&#x9BE;&#x9B6;&#x9A8;&#x9BE;&#x9B2; &#x98F;&#x9CD;&#x9AF;&#x9BE;&#x9AB;&#x9C7;&#x9AF;&#x9BC;&#x9BE;&#x9B0;&#x9CD;&#x9B8; (&#x9AC;&#x9BF;&#x9B2;&#x9BF;&#x9AF;&#x9BC;&#x9BE;), </subfield>
    <subfield code="c">&#x9E8;&#x9E6;&#x9E6;&#x9E8;&#x964; </subfield>
  </datafield>
  <datafield tag="300" ind1=" " ind2=" ">
    <subfield code="a">&#x9E7;&#x9EC;&#x9ED; &#x9AA;&#x9C3;&#x9B7;&#x9CD;&#x9A0;&#x9BE;: </subfield>
    <subfield code="c">&#x9E8;&#x9EB; &#x9B8;&#x9C7;.&#x9AE;&#x9BF;. </subfield>
  </datafield>
  <datafield tag="504" ind1=" " ind2=" ">
    <subfield code="a">&#x997;&#x9CD;&#x9B0;&#x9A8;&#x9CD;&#x9A5;&#x9AA;&#x99E;&#x9CD;&#x99C;&#x9BF; &#x9B8;&#x982;&#x9AF;&#x9C1;&#x995;&#x9CD;&#x9A4; &#x964;</subfield>
  </datafield>
  <datafield tag="650" ind1=" " ind2="0">
    <subfield code="a">Islamic History (&#x987;&#x9B8;&#x9B2;&#x9BE;&#x9AE;&#x9C7;&#x9B0; &#x987;&#x9A4;&#x9BF;&#x9B9;&#x9BE;&#x9B8;), Islamic Civilization, &#x987;&#x9B8;&#x9B2;&#x9BE;&#x9AE;&#x9C0; &#x9B8;&#x9AD;&#x9CD;&#x9AF;&#x9A4;&#x9BE;, Isal&#x101;m&#x12B; sabhyat&#x101;</subfield>
    <subfield code="9">5885</subfield>
  </datafield>
  <datafield tag="650" ind1=" " ind2="0">
    <subfield code="a">History (&#x987;&#x9A4;&#x9BF;&#x9B9;&#x9BE;&#x9B8;)</subfield>
    <subfield code="9">4586</subfield>
  </datafield>
  <datafield tag="650" ind1=" " ind2="0">
    <subfield code="a">&#x9B0;&#x9BE;&#x9B7;&#x9CD;&#x99F;&#x9CD;&#x9B0;&#x9AC;&#x9BF;&#x99C;&#x9CD;&#x99E;&#x9BE;&#x9A8; (Political Science), &#x9B0;&#x9BE;&#x99C;&#x9A8;&#x9C0;&#x9A4;&#x9BF;, R&#x101;&#x1E63;&#x1E6D;rabij&#xF1;&#x101;na</subfield>
    <subfield code="x">&#x9AE;&#x9C1;&#x9B8;&#x9B2;&#x9BF;&#x9AE; &#x9B0;&#x9BE;&#x99C;&#x9A8;&#x9C0;&#x9A4;&#x9BF; </subfield>
    <subfield code="9">6090</subfield>
  </datafield>
  <datafield tag="942" ind1=" " ind2=" ">
    <subfield code="2">ddc</subfield>
    <subfield code="c">BK</subfield>
  </datafield>
  <datafield tag="952" ind1=" " ind2=" ">
    <subfield code="0">0</subfield>
    <subfield code="1">0</subfield>
    <subfield code="2">ddc</subfield>
    <subfield code="4">0</subfield>
    <subfield code="7">0</subfield>
    <subfield code="8">NFIC</subfield>
    <subfield code="a">ASL</subfield>
    <subfield code="b">ASL</subfield>
    <subfield code="c">GEN</subfield>
    <subfield code="d">2023-03-16</subfield>
    <subfield code="e">ASB Library Collection</subfield>
    <subfield code="l">0</subfield>
    <subfield code="o">297.5492 AHB</subfield>
    <subfield code="p">119680</subfield>
    <subfield code="r">2023-03-16 00:00:00</subfield>
    <subfield code="t">C-1</subfield>
    <subfield code="w">2023-03-16</subfield>
    <subfield code="y">BK</subfield>
  </datafield>
  <datafield tag="952" ind1=" " ind2=" ">
    <subfield code="0">0</subfield>
    <subfield code="1">0</subfield>
    <subfield code="2">ddc</subfield>
    <subfield code="4">0</subfield>
    <subfield code="7">0</subfield>
    <subfield code="8">NFIC</subfield>
    <subfield code="a">ASL</subfield>
    <subfield code="b">ASL</subfield>
    <subfield code="c">GEN</subfield>
    <subfield code="d">2023-04-01</subfield>
    <subfield code="e">Complimentary</subfield>
    <subfield code="l">0</subfield>
    <subfield code="o">297.5492 AHB</subfield>
    <subfield code="p">120290</subfield>
    <subfield code="r">2023-04-01 00:00:00</subfield>
    <subfield code="t">C-2</subfield>
    <subfield code="w">2023-04-01</subfield>
    <subfield code="y">BK</subfield>
    <subfield code="z">Y-2002</subfield>
  </datafield>
  <datafield tag="952" ind1=" " ind2=" ">
    <subfield code="0">0</subfield>
    <subfield code="1">0</subfield>
    <subfield code="2">ddc</subfield>
    <subfield code="4">0</subfield>
    <subfield code="7">0</subfield>
    <subfield code="8">NFIC</subfield>
    <subfield code="a">ASL</subfield>
    <subfield code="b">ASL</subfield>
    <subfield code="c">GEN</subfield>
    <subfield code="d">2023-04-01</subfield>
    <subfield code="e">Complimentary</subfield>
    <subfield code="l">0</subfield>
    <subfield code="o">297.5492 AHB</subfield>
    <subfield code="p">120291</subfield>
    <subfield code="r">2023-04-01 00:00:00</subfield>
    <subfield code="t">C-3</subfield>
    <subfield code="w">2023-04-01</subfield>
    <subfield code="y">BK</subfield>
    <subfield code="z">Y-2002</subfield>
  </datafield>
  <datafield tag="952" ind1=" " ind2=" ">
    <subfield code="0">0</subfield>
    <subfield code="1">0</subfield>
    <subfield code="2">ddc</subfield>
    <subfield code="4">0</subfield>
    <subfield code="7">0</subfield>
    <subfield code="8">NFIC</subfield>
    <subfield code="a">ASL</subfield>
    <subfield code="b">ASL</subfield>
    <subfield code="c">GEN</subfield>
    <subfield code="d">2025-01-23</subfield>
    <subfield code="e">ASB Library Collection</subfield>
    <subfield code="l">0</subfield>
    <subfield code="o">297.5492 AHB</subfield>
    <subfield code="p">125714</subfield>
    <subfield code="r">2025-01-23 00:00:00</subfield>
    <subfield code="t">C-4</subfield>
    <subfield code="w">2025-01-23</subfield>
    <subfield code="y">BK</subfield>
    <subfield code="z">Y-2002</subfield>
  </datafield>
  <datafield tag="999" ind1=" " ind2=" ">
    <subfield code="c">31075</subfield>
    <subfield code="d">31075</subfield>
  </datafield>
</record>
